Un comedor de opio (Record no. 31130)

MARC details
000 -LEADER
campo de control de longitud fija 00581nam a2200181 i 4500
001 - NÚMERO DE CONTROL
campo de control 31130
003 - IDENTIFICADOR DE NÚMERO DE CONTROL
campo de control ES-MaACL
005 - FECHA Y HORA DE LA ÚLTIMA TRANSACCIÓN
campo de control 20230906154322.0
007 - CAMPO FIJO DE DESCRIPCIÓN FÍSICA--INFORMACIÓN GENERAL
campo de control de longitud fija t|
008 - DATOS DE LONGITUD FIJA--INFORMACIÓN GENERAL
campo de control de longitud fija 030128s1970 sp ||||1| spa d
100 1# - ENTRADA PRINCIPAL--NOMBRE DE PERSONA
Nombre de persona Baudelaire, Charles.
9 (RLIN) 26513
245 13 - MENCIÓN DEL TÍTULO
Título Un comedor de opio
Resto del título : ; Los fantasmas de Thomas de Quincey /
Mención de responsabilidad, etc. Charles Baudelaire ; traducción de Carmen Artal.
260 ## - PUBLICACIÓN, DISTRIBUCIÓN, ETC.
Lugar de publicación, distribución, etc. Barcelona :
Nombre del editor, distribuidor, etc. Tusquets,
Fecha de publicación, distribución, etc. [1970]
300 ## - DESCRIPCIÓN FÍSICA
Extensión 86 p. ;
Dimensiones 18 cm.
700 1# - ENTRADA AGREGADA--NOMBRE PERSONAL
Nombre de persona Artal, Carmen.
9 (RLIN) 23417
740 4# - ENTRADA AGREGADA--TÍTULO RELACIONADO/ANALÍTICO NO CONTROLADO
Título relacionado o analítico no controlado Los fantasmas de Thomas de Quincey.
852 ## - LOCALIZACIÓN
Ubicación ES-MaACL
Número de control de estantería C-50740
Sublocalización o colección R.75257
Holdings
Estatus retirado Estado de pérdida Estado de daño No para préstamo Biblioteca de origen Biblioteca actual Ubicación en estantería Fecha de adquisición Fuente de adquisición Total de préstamos Signatura topográfica completa Código de barras Visto por última vez Precio de reemplazo Tipo de ítem Koha
        Biblioteca del Ateneo de Madrid Biblioteca del Ateneo de Madrid Depósito 2 17/01/2008     C-50740 1032160 23/02/2023 23/02/2023 Libro impreso